Verwaltungssitz der andersnamigen Landkreise - Statistiken

Allgemein
  • Dieses Quiz wurde 14 mal gespielt
  • Das Durchschnittsergebnis liegt bei 28 aus 112
Antwortstatistiken
Hint Antwort % Korrekt
Bodenseekreis Friedrichshafen
85%
Landkreis Bergstraße Heppenheim
69%
Landkreis Berchtesgadener Land Bad Reichenhall
62%
Landkreis Breisgau-Hochschwarzwald Freiburg im Breisgau
62%
Rhein-Neckar-Kreis Heidelberg
62%
Alb-Donau-Kreis Ulm
62%
Ostalbkreis Aalen
54%
Enzkreis Pforzheim
54%
Hochtaunuskreis Bad Homburg vor der Höhe
46%
Odenwaldkreis Erbach
46%
Landkreis Emsland Meppen
46%
Main-Tauber-Kreis Tauberbischofsheim
46%
Rems-Murr-Kreis Waiblingen
46%
Landkreis Donau-Ries Donauwörth
38%
Kreis Dithmarschen Heide
38%
Saarpfalz-Kreis Homburg
38%
Landkreis Mainz-Bingen Ingelheim am Rhein
38%
Landkreis Friesland Jever
38%
Donnersbergkreis Kirchheimbolanden
38%
Landkreis Nürnberger Land Lauf an der Pegnitz
38%
Ortenaukreis Offenburg
38%
Landkreis Vorpommern-Rügen Stralsund
38%
Lahn-Dill-Kreis Wetzlar
38%
Landkreis Nordwestmecklenburg Wismar
38%
Landkreis Fürth Zirndorf
38%
Rhein-Lahn-Kreis Bad Ems
31%
Rheinisch-Bergischer Kreis Bergisch Gladbach
31%
Landkreis Vulkaneifel Daun
31%
Kreis Lippe Detmold
31%
Landkreis Mittelsachsen Freiberg
31%
Main-Kinzig-Kreis Gelnhausen
31%
Landkreis Eichsfeld Heilbad Heiligenstadt
31%
Main-Taunus-Kreis Hofheim am Taunus
31%
Landkreis Anhalt-Bitterfeld Köthen
31%
Hohenlohekreis Künzelsau
31%
Landkreis Mecklenburgische Seenplatte Neubrandenburg
31%
Landkreis Sächsische Schweiz-Osterzgebirge Pirna
31%
Vogtlandkreis Plauen
31%
Schwarzwald-Baar-Kreis Villingen-Schwenningen
31%
Landkreis Ammerland Westerstede
31%
Ilm-Kreis Arnstadt
23%
Zollernalbkreis Balingen
23%
Landkreis Jerichower Land Burg
23%
Landkreis Offenbach Dietzenbach
23%
Kreis Ostholstein Eutin
23%
Oberbergischer Kreis Gummersbach
23%
Landkreis Rostock Güstrow
23%
Landkreis Haßberge Haßfurt
23%
Kreis Nordfriesland Husum
23%
Märkischer Kreis Lüdenscheid
23%
Rhein-Pfalz-Kreis Ludwigshafen am Rhein
23%
Saalekreis Merseburg
23%
Westerwaldkreis Montabaur
23%
Neckar-Odenwald-Kreis Mosbach
23%
Burgenlandkreis Naumburg (Saale)
23%
Landkreis Ostprignitz-Ruppin Neuruppin
23%
Landkreis Oberhavel Oranienburg
23%
Landkreis Rottal-Inn Pfarrkirchen
23%
Rhein-Sieg-Kreis Siegburg
23%
Rhein-Hunsrück-Kreis Simmern/Hunsrück
23%
Landkreis Nordsachsen Torgau
23%
Landkreis Harburg Winsen (Luhe)
23%
Erzgebirgskreis Annaberg-Buchholz
15%
Landkreis Weimarer Land Apolda
15%
Kreis Stormarn Bad Oldesloe
15%
Rheingau-Taunus-Kreis Bad Schwalbach
15%
Rhein-Erft-Kreis Bergheim
15%
Salzlandkreis Bernburg (Saale)
15%
Landkreis Barnim Eberswalde
15%
Wetteraukreis Friedberg (Hessen)
15%
Landkreis Harz Halberstadt
15%
Landkreis Börde Haldensleben
15%
Landkreis Elbe-Elster Herzberg (Elster)
15%
Kreis Steinburg Itzehoe
15%
Landkreis Waldeck-Frankenberg Korbach
15%
Landkreis Südliche Weinstraße Landau in der Pfalz
15%
Vogelsbergkreis Lauterbach (Hessen)
15%
Landkreis Dahme-Spreewald Lübben (Spreewald)
15%
Landkreis Ostallgäu Marktoberdorf
15%
Hochsauerlandkreis Meschede
15%
Landkreis Unterallgäu Mindelheim
15%
Unstrut-Hainich-Kreis Mühlhausen/Thüringen
15%
Landkreis Grafschaft Bentheim Nordhorn
15%
Landkreis Südwestpfalz Pirmasens
15%
Landkreis Uckermark Prenzlau
15%
Kreis Herzogtum Lauenburg Ratzeburg
15%
Landkreis Mansfeld-Südharz Sangerhausen
15%
Ennepe-Ruhr-Kreis Schwelm
15%
Landkreis Märkisch-Oderland Seelow
15%
Kyffhäuserkreis Sondershausen
15%
Landkreis Schaumburg Stadthagen
15%
Landkreis Potsdam-Mittelmark Bad Belzig
8%
Heidekreis Bad Fallingbostel
8%
Landkreis Rhön-Grabfeld Bad Neustadt an der Saale
8%
Landkreis Oder-Spree Beeskow
8%
Landkreis Leipzig Borna
8%
Landkreis Wesermarsch Brake (Unterweser)
8%
Kreis Pinneberg Elmshorn
8%
Landkreis Werra-Meißner Eschwege
8%
Landkreis Spree-Neiße Forst (Lausitz)
8%
Schwalm-Eder-Kreis Homberg (Efze)
8%
Landkreis Main-Spessart Karlstadt
8%
Landkreis Teltow-Fläming Luckenwalde
8%
Landkreis Neunkirchen Ottweiler
8%
Landkreis Prignitz Perleberg
8%
Landkreis Havelland Rathenow
8%
Saale-Orla-Kreis Schleiz
8%
Landkreis Oberspreewald-Lausitz Senftenberg
8%
Landkreis Oberallgäu Sonthofen
8%
Wartburgkreis Bad Salzungen
0%
Saale-Holzland-Kreis Eisenberg
0%
Landkreis Oldenburg Wildeshausen
0%
Keine übereinstimmenden Quizze gefunden
Verteilung der Resultate
Anzahl Personen mit jedem Resultat
Perzentil nach korrekt beantworteten Fragen
Ihre Resultats-Entwicklung
Sie haben dieses Quiz noch nicht gespielt